Welcome to WEB OPAC of MRSPTU Central Library

Deway decimal classification and relative index (Record no. 5383)

MARC details
000 -LEADER
fixed length control field 00420nam a2200157Ia 4500
008 - FIXED-LENGTH DATA ELEMENTS--GENERAL INFORMATION
fixed length control field 230711s9999||||xx |||||||||||||| ||und||
041 ## - LANGUAGE CODE
Language code of text/sound track or separate title ENG
082 ## - DEWEY DECIMAL CLASSIFICATION NUMBER
Classification number 720
Item number DE-D
100 ## - MAIN ENTRY--PERSONAL NAME
Personal name Dewey,Melvil
245 #0 - TITLE STATEMENT
Title Deway decimal classification and relative index
250 ## - EDITION STATEMENT
Edition statement 23rd
260 ## - PUBLICATION, DISTRIBUTION, ETC.
Date of publication, distribution, etc. 2011
Place of publication, distribution, etc. Dublin
Name of publisher, distributor, etc. OCLC Online Computer Library Center
300 ## - PHYSICAL DESCRIPTION
Extent 1291
650 ## - SUBJECT ADDED ENTRY--TOPICAL TERM
Topical term or geographic name entry element Library and Information Science
942 ## - ADDED ENTRY ELEMENTS (KOHA)
Koha item type Book
Holdings
Withdrawn status Lost status Damaged status Not for loan Collection Home library Current library Date acquired Total checkouts Full call number Barcode Date last seen Price effective from Koha item type
          MRSPTU Central Library MRSPTU Central Library     720 DE-D 20377 08/17/2023 08/17/2023 Book
          MRSPTU Central Library MRSPTU Central Library     720 DE-D 20378 08/17/2023 08/17/2023 Book
          MRSPTU Central Library MRSPTU Central Library     720 DE-D 20379 08/17/2023 08/17/2023 Book
          MRSPTU Central Library MRSPTU Central Library     720 DE-D 20380 08/17/2023 08/17/2023 Book

Website Designed and Developed by MRSPTU Central Library Team

E-mail Id: librarian@mrsptu.ac.in